| 000 | 01074nam a2200277 4500 | ||
|---|---|---|---|
| 001 | 63081 | ||
| 003 | ES-MaACL | ||
| 005 | 20230906164802.0 | ||
| 007 | t| | ||
| 008 | 031128s1964 sp efo |||| | spa d | ||
| 080 | _a914.602.7 M. (036) | ||
| 100 | 1 |
_aFernández de Villegas, A. _949725 |
|
| 245 | 1 | 0 |
_aMadrid, visita y recuerdo : _bguía ilustrada para visitar la capital / _cpor A. Fernández de Villegas y Lucas Vidal ; fotografías de Santos Yubero y Domínguez García ; planos de Madrid de J. Loeches. |
| 260 |
_aBilbao : _bDeusto, _c1964. |
||
| 300 |
_a59 p., [12] h. de lám. col. y n. : _bfot. col. y n., planos ; _c17 x 17 cm. |
||
| 490 | 1 | _aIberia | |
| 599 | _aPlanos de J. Loeches de la conmemoración del IV Centenario de la Capitalidad. | ||
| 651 | 4 |
_aMadrid- _vGuías turísticas. _98962 |
|
| 700 | 1 |
_aVidal, Lucas. _9114444 |
|
| 700 | 1 |
_aSantos Yubero, Martín. _9143259 |
|
| 700 | 1 |
_aDomínguez García, José. _9173418 |
|
| 700 | 1 |
_aLoeches, José. _973089 |
|
| 830 | 1 |
_aIberia _9230658 |
|
| 852 |
_aES-MaACL _jC-26501 |
||
| 999 |
_c63081 _d63081 |
||